000 00461nam a2200193Ia 4500
003 OSt
005 20250820104238.0
008 250729s2005 xx 000 0 und d
020 _a978-8126122738
040 _cAL
041 _aeng
082 _a371.2 VERC
100 _aVerma Ramesh
_9221623
245 _aEducational admnistration
260 _aNew Delhi
_bA P H Publishing
_c2005
300 _a426p
650 _aEducation
_9221624
942 _2ddc
_cBED
999 _c235099
_d235099